<?xml version="1.0" encoding="UTF-8"?>
<record
    xmlns:xsi="http://www.w3.org/2001/XMLSchema-instance"
    xsi:schemaLocation="http://www.loc.gov/MARC21/slim http://www.loc.gov/standards/marcxml/schema/MARC21slim.xsd"
    xmlns="http://www.loc.gov/MARC21/slim">

  <leader>00990nam a22001937a 4500</leader>
  <controlfield tag="005">20250912143146.0</controlfield>
  <controlfield tag="008">250909b        |||||||| |||| 00| 0 eng d</controlfield>
  <datafield tag="020" ind1=" " ind2=" ">
    <subfield code="a">9788184990003</subfield>
  </datafield>
  <datafield tag="041" ind1=" " ind2=" ">
    <subfield code="a">English</subfield>
  </datafield>
  <datafield tag="082" ind1=" " ind2=" ">
    <subfield code="a">372,6</subfield>
    <subfield code="b">VAS</subfield>
  </datafield>
  <datafield tag="100" ind1=" " ind2=" ">
    <subfield code="a">Vas Gratian</subfield>
    <subfield code="9">212963</subfield>
  </datafield>
  <datafield tag="245" ind1=" " ind2=" ">
    <subfield code="a">English Grammar for Everyone</subfield>
  </datafield>
  <datafield tag="260" ind1=" " ind2=" ">
    <subfield code="a">Mumbai</subfield>
    <subfield code="b">Shree Book Centre</subfield>
    <subfield code="c">2020</subfield>
  </datafield>
  <datafield tag="300" ind1=" " ind2=" ">
    <subfield code="a">576</subfield>
  </datafield>
  <datafield tag="365" ind1=" " ind2=" ">
    <subfield code="b">482.86</subfield>
    <subfield code="c">Rs.00</subfield>
  </datafield>
  <datafield tag="520" ind1=" " ind2=" ">
    <subfield code="a">1.	The Sentence 
2.	Basic Sentence Patterns 
3.	Phrases And Clauses 
4.	The Main Classes of Words 
5.	Noun 
6.	The Verb
7.	Verbals 
8.	Forming And Using Verbs
9.	Verb Tenses 
10.	The Modal Verb
11.	Verb Moods 
12.	Active And Passive Voice 
13.	Direct And Indirect Speech 
14.	The Pronoun 
15.	Adjective 
16.	The Adverb 
17.	The Preposition 
18.	The Conjunction 
19.	The Interjection 
20.	The Article 
21.	Modifiers 
22.	Building Phrases &amp; Clauses
23.	Building Sentences 
24.	Punctuation</subfield>
  </datafield>
  <datafield tag="650" ind1=" " ind2=" ">
    <subfield code="a">English Communication</subfield>
    <subfield code="9">212964</subfield>
  </datafield>
  <datafield tag="942" ind1=" " ind2=" ">
    <subfield code="c">BK</subfield>
  </datafield>
  <datafield tag="999" ind1=" " ind2=" ">
    <subfield code="c">367675</subfield>
    <subfield code="d">367675</subfield>
  </datafield>
  <datafield tag="952" ind1=" " ind2=" ">
    <subfield code="0">0</subfield>
    <subfield code="1">0</subfield>
    <subfield code="2">ddc</subfield>
    <subfield code="4">0</subfield>
    <subfield code="7">0</subfield>
    <subfield code="a">SOFT</subfield>
    <subfield code="b">SOFT</subfield>
    <subfield code="d">2025-09-08</subfield>
    <subfield code="e">Amazon.in</subfield>
    <subfield code="g">482.86</subfield>
    <subfield code="i">PNQ3-123</subfield>
    <subfield code="l">0</subfield>
    <subfield code="o">372,6 VAS</subfield>
    <subfield code="p">SOFT-BK-4573</subfield>
    <subfield code="r">2025-09-09 00:00:00</subfield>
    <subfield code="v">599.00</subfield>
    <subfield code="w">2025-09-03</subfield>
    <subfield code="y">BK</subfield>
  </datafield>
</record>
